Wo haben diese Spieler zusammen gespielt? - Statistiken

Allgemein
  • Dieses Quiz wurde 137 mal gespielt
  • Das Durchschnittsergebnis liegt bei 5 aus 15
Antwortstatistiken
Hint Antwort % Korrekt
Mesut Özil & Sami Khedira Real Madrid
94%
Rafael van der Vaart & Luka Modric Tottenham Hotspur
55%
Mario Mandžukić & Sami Khedira Juventus Turin
53%
Paul Pogba & Zlatan Ibrahimović Manchester United
53%
Carlos Tevez & Cristiano Ronaldo Manchester United
53%
Zlatan Ibrahimović & Ángel Di María Paris Saint-Germain
45%
Arturo Vidal & Alexis Sánchez Inter Mailand
37%
N'Golo Kanté & Riyad Mahrez Leicester City
30%
David Villa & Andrea Pirlo New York City FC
12%
Gareth Bale & Luka Modrić Tottenham Hotspur, Real Madrid
9%
Toni Kroos & David Alaba Bayern München, Real Madrid
8%
Ivan Rakitić & Dani Alves FC Barcelona, Sevilla
8%
Pierre-Emerick Aubameyang & Ousmane Dembélé Borussia Dortmund, FC Barcelona
7%
Sadio Mané & Naby Keïta RB Salzburg, Liverpool
6%
Zlatan Ibrahimović & Maxwell Ajax Amsterdam, Inter Mailand, FC Barcelona, Paris Saint-Germain
1%
Keine übereinstimmenden Quizze gefunden
Verteilung der Resultate
Anzahl Personen mit jedem Resultat
Perzentil nach korrekt beantworteten Fragen
Ihre Resultats-Entwicklung
Sie haben dieses Quiz noch nicht gespielt